Основы процессов нефтегазонакопления; На примере Западной Сибири

التفاصيل البيبلوغرافية
المؤلف الرئيسي: Дедеев В. А. Владимир Алексеевич
مؤلف مشترك: Академия наук СССР (АН СССР) Коми филиал Институт геологии (ИГ)
مؤلفون آخرون: Куликов П. К. Петр Кузьмич
اللغة:الروسية
منشور في: Ленинград, Наука, 1977
الموضوعات:
التنسيق: كتاب
KOHA link:https://koha.lib.tpu.ru/cgi-bin/koha/opac-detail.pl?biblionumber=39064

MARC

LEADER 00000nam0a2200000 4500
001 39064
005 20231031011039.0
035 |a (RuTPU)RU\TPU\book\39901 
090 |a 39064 
100 |a 20020322d1977 m y0rusy50 ca 
101 0 |a rus 
102 |a RU 
105 |a a z 001zy 
200 1 |a Основы процессов нефтегазонакопления  |a На примере Западной Сибири  |f В. А. Дедеев, П. К. Куликов  |g Академия наук СССР; Коми филиал; Институт геологии 
210 |a Ленинград  |c Наука  |d 1977 
215 |a 142 с.  |c ил. 
320 |a Библиогр.: с. 137-142. 
610 1 |a геология 
610 1 |a нефть 
610 1 |a газ 
610 1 |a залежи 
610 1 |a формирование 
610 1 |a Западная Сибирь 
610 1 |a углеводороды 
610 1 |a распределение 
675 |a 553.982(С18)  |v 3 
700 1 |a Дедеев  |b В. А.  |g Владимир Алексеевич 
701 1 |a Куликов  |b П. К.  |g Петр Кузьмич 
712 0 2 |a Академия наук СССР (АН СССР)  |b Коми филиал  |b Институт геологии (ИГ)  |c (Сыктывкар)  |c (1958-1987)  |2 stltpush  |3 (RuTPU)RU\TPU\col\11375 
801 1 |a RU  |b 63413507  |c 20020322  |g PSBO 
801 2 |a RU  |b 63413507  |c 20200220  |g PSBO 
942 |c BK